000 00497nam a22002057a 4500
005 20250207172323.0
008 220321b2007 xxu||||| |||| 00| 0 spa d
020 _a8482592904
041 _aING
_aESP
082 _aR 423 D545d
245 _aDiccionario inglés - español / español - inglés
260 _aEspaña
260 _bEdiciones Nauta C.
260 _c2007
300 _a188 páginas
650 _aDICCIONARIOS
650 _aESPAÑOL
650 _aINGLÉS
942 _cREF
_2ddc
999 _c13275
_d13275